01739cam a2200289 i 45000010009000000050017000090080041000260100017000670160014000840200018000980200015001160350024001310400057001550410013002121000017002252450052002422600050002943000025003445050722003695200190010915460022012816100049013036500027013526500032013796500022014117000016014331795428620191125105300.0191125s2013 enk f b 001 0 eng d a 20134172777 a016308982 a9781849462631 a1849462631 a(OCoLC)ocn858606567 aCO-BoUCMbspacSaul NiñodSaul NiñodSaul Niño1 aenghfre1 aKolb, Robert14aThe International Court of JusticecRobert Kolb aOxfordaPortlandbHart Publishingc2013g2017 aliii, 1307 páginas00tInitial observations on the peaceful resolution of international disputes --tOrigins and environment of the International Court of Justice at The Hague --tThe texts governing the court's activities --tComposition of the court --tContentious procedure : inter-state disputes --tGeneral principles applicable to contentious proceedings --tProcedural aspects of contentious cases --tAdvisory opinion procedure : opinions given to certain organs of, or affiliated to, the United Nations --tGeneral principles governing the court's contentious and advisory procedures --tThe court's jurisdiction and its current trends --gMiscellaneous questions --gConclusion:tThe future of the International Court of Justice.8 aThis title, by an academic authority on international law who also appears as an advocate before the Court, examines the Statute of the Court, its procedures, conventions and practices. aTexto en inglés20aCorte Internacional de JusticiaxReglamentos 7aDerecho internacional  7aTribunales internacionales  7aDerechos humanos 1 aPerry, Alan